[Event "X Weekend A"]
[Site "Ceriano Laghetto ITA"]
[Date "2001.01.28"]
[Round "2"]
[White "Lapiccirella, Daniele"]
[Black "Rosin, Federico"]
[Result "1/2-1/2"]
[WhiteElo "2072"]
[BlackElo "2163"]
[PlyCount "22"]
[EventDate "2001.01.27"]

1. d4 d5 2. c4 Nc6 3. e3 Nf6 4. Nc3 a6 5. Nf3 Bg4 6. cxd5 Nxd5 7. Be2 e6 8. O-O
Bd6 9. Bd2 O-O 10. Rc1 Re8 11. g3 Nxc3 1/2-1/2

[Event "X Weekend A"]
[Site "Ceriano Laghetto ITA"]
[Date "2001.01.28"]
[Round "2"]
[White "Manzoni, Alessandro"]
[Black "Chilingirova, Pavlina"]
[Result "0-1"]
[WhiteElo "2091"]
[BlackElo "2236"]
[PlyCount "58"]
[EventDate "2001.01.27"]

1. e4 c5 2. Nc3 Nc6 3. g3 g6 4. Bg2 Bg7 5. Nge2 d6 6. d3 e6 7. O-O Nge7 8. f4
O-O 9. Kh1 f5 10. h3 h6 11. g4 fxg4 12. hxg4 Kh7 13. Bh3 d5 14. e5 Bd7 15. Bd2
g5 16. fxg5 Ng6 17. gxh6 Qh4 18. Ng1 Bxh6 19. Bxh6 Qxh6 20. Qe2 Ncxe5 21. Qh2
Kg7 22. Rae1 Rxf1 23. Rxf1 Bc6 24. g5 Qh4 25. Nf3 d4 26. Ne4 Bxe4 27. dxe4 Qxe4
28. Bg2 Rh8 29. Nh4 Qxh4 0-1

[Event "X Weekend A"]
[Site "Ceriano Laghetto ITA"]
[Date "2001.01.28"]
[Round "2"]
[White "Provera, Emanuele"]
[Black "Tramalloni, Luca"]
[Result "0-1"]
[WhiteElo "2218"]
[BlackElo "2064"]
[PlyCount "56"]
[EventDate "2001.01.27"]

1. e4 c5 2. Nf3 d6 3. d4 cxd4 4. Nxd4 Nf6 5. Nc3 e6 6. Bc4 Be7 7. Be3 O-O 8.
Bb3 Na6 9. f4 Nc5 10. Qf3 Qc7 11. O-O-O a6 12. g4 b5 13. g5 Nfxe4 14. Nxe4 Bb7
15. Nf6+ Bxf6 16. Qh3 Nxb3+ 17. axb3 Bxd4 18. Bxd4 Rac8 19. c3 e5 20. Rhg1 exd4
21. Rxd4 Rfe8 22. f5 Qc5 23. Qg4 Bf3 24. Qh4 Re4 25. Rxe4 Bxe4 26. Re1 Bxf5 27.
b4 Qd5 28. Qf2 Qd3 0-1

[Event "X Weekend A"]
[Site "Ceriano Laghetto ITA"]
[Date "2001.01.28"]
[Round "2"]
[White "Qendro, Llambi"]
[Black "Candura, Stefano"]
[Result "1-0"]
[WhiteElo "2347"]
[BlackElo "2093"]
[PlyCount "63"]
[EventDate "2001.01.27"]

1. d4 e6 2. c4 d5 3. Nc3 Nf6 4. cxd5 exd5 5. Bg5 Be7 6. e3 O-O 7. Bd3 c6 8. Qc2
Nbd7 9. Nge2 Re8 10. O-O Nf8 11. Bxf6 Bxf6 12. b4 a6 13. a4 Be6 14. b5 cxb5 15.
axb5 a5 16. Qb3 Qd6 17. Rfc1 Ng6 18. Na4 Rec8 19. b6 Rxc1+ 20. Rxc1 Bd8 21. Rc5
Ne7 22. Nec3 Nc6 23. Nxd5 Nb4 24. Bc4 Qd7 25. Nc7 Bxc4 26. Qxc4 Rc8 27. Rxa5
Nc6 28. Rd5 Qg4 29. h3 Qd1+ 30. Kh2 Bxc7+ 31. bxc7 Rxc7 32. Qxc6 1-0

[Event "X Weekend A"]
[Site "Ceriano Laghetto ITA"]
[Date "2001.01.28"]
[Round "2"]
[White "Troiani, Mauro"]
[Black "Lapiccirella, Mattia"]
[Result "1/2-1/2"]
[WhiteElo "2030"]
[BlackElo "2150"]
[PlyCount "90"]
[EventDate "2001.01.27"]

1. d4 Nf6 2. c4 c5 3. d5 g6 4. Nc3 Bg7 5. e4 d6 6. f4 O-O 7. Nf3 e6 8. Bd3 exd5
9. cxd5 Bg4 10. O-O a6 11. a4 Nbd7 12. h3 Bxf3 13. Qxf3 Rc8 14. Be3 c4 15. Bc2
Nc5 16. Kh1 Nfd7 17. Rae1 Qa5 18. Bg1 b5 19. axb5 axb5 20. Ra1 Qb4 21. Rab1 Ra8
22. Rfd1 Qa5 23. Ne2 b4 24. b3 Qa2 25. Rdc1 Bb2 26. Rxb2 Qxb2 27. Bd4 Qa3 28.
Rb1 cxb3 29. Bxb3 Rfe8 30. Ng3 Nxb3 31. Rxb3 Qc1+ 32. Kh2 Qc4 33. Bb2 Ra2 34.
Nh5 Rxb2 35. Rxb2 gxh5 36. Qxh5 Qc3 37. Rf2 Nf6 38. Qg5+ Kf8 39. e5 Ne4 40.
Qh6+ Kg8 41. Rf3 Qd4 42. Rg3+ Nxg3 43. Qg5+ Kf8 44. Qh6+ Kg8 45. Qg5+ Kf8
1/2-1/2

[Event "X Weekend A"]
[Site "Ceriano Laghetto ITA"]
[Date "2001.01.28"]
[Round "3"]
[White "Bianchi, Alberto"]
[Black "Bisignano, Giuseppe"]
[Result "1/2-1/2"]
[WhiteElo "2046"]
[BlackElo "1827"]
[PlyCount "111"]
[EventDate "2001.01.27"]

1. e4 e5 2. Nf3 Nc6 3. Bb5 a6 4. Ba4 Nf6 5. O-O Be7 6. Bxc6 dxc6 7. d3 Bg4 8.
h3 Bxf3 9. Qxf3 Qd6 10. Nc3 O-O-O 11. Be3 Rdg8 12. Ne2 g6 13. Rfd1 Qe6 14. d4
exd4 15. Bxd4 g5 16. Qf5 Qxf5 17. exf5 h5 18. c3 Rh7 19. Re1 Nd5 20. Ng3 c5 21.
c4 cxd4 22. cxd5 Bf6 23. Rad1 Rh6 24. Ne4 Rd8 25. Nxf6 Rxf6 26. Re5 c5 27. dxc6
bxc6 28. b4 d3 29. a4 Rfd6 30. b5 axb5 31. axb5 cxb5 32. Rxb5 Rc6 33. Rd2 Rc3
34. f3 Kc7 35. Kf2 Kc6 36. Rb4 Kc5 37. Re4 Rc4 38. Ke3 Rxe4+ 39. fxe4 Kc4 40.
e5 Kc3 41. e6 fxe6 42. fxe6 Rd6 43. Rxd3+ Rxd3+ 44. Ke4 Rd2 45. g4 Re2+ 46. Kf5
hxg4 47. hxg4 Kd4 48. Kxg5 Rxe6 49. Kf5 Kd5 50. g5 Kd6 51. g6 Re8 52. Kf6 Rf8+
53. Kg7 Ke7 54. Kh7 Kf6 55. g7 Rf7 56. Kh8 1/2-1/2

[Event "X Weekend A"]
[Site "Ceriano Laghetto ITA"]
[Date "2001.01.28"]
[Round "3"]
[White "Candura, Stefano"]
[Black "Troiani, Mauro"]
[Result "1/2-1/2"]
[WhiteElo "2093"]
[BlackElo "2030"]
[PlyCount "124"]
[EventDate "2001.01.27"]

1. d4 d5 2. c4 c6 3. Nf3 Nf6 4. Nc3 a6 5. a4 g6 6. e3 Bg7 7. Bd3 O-O 8. Qc2
Nbd7 9. O-O Re8 10. cxd5 cxd5 11. b3 b6 12. Bb2 Bb7 13. Rac1 Rc8 14. Qe2 Ra8
15. Rc2 Qb8 16. Rfc1 Rc8 17. Nb1 Rxc2 18. Qxc2 Ne8 19. Qe2 e5 20. dxe5 Nxe5 21.
Nd4 Qd8 22. Nd2 Nxd3 23. Qxd3 Rc8 24. Qf1 Nd6 25. N2f3 Ne4 26. Qd1 Rc7 27. Rc2
Qc8 28. Rxc7 Qxc7 29. Qd3 h6 30. Ne1 Nc5 31. Qc2 Ne6 32. Qxc7 Nxc7 33. Nef3 Ne6
34. Ba3 Nc5 35. a5 Nd7 36. axb6 Nxb6 37. Bd6 Nd7 38. Kf1 Bf8 39. Bxf8 Kxf8 40.
Ke2 Ke7 41. Kd3 Kd6 42. Kc3 Nc5 43. Nd2 a5 44. f4 Bc8 45. N2f3 Ne4+ 46. Kb2 f6
47. Nh4 g5 48. Nhf5+ Kc5 49. Ne7 Bd7 50. g3 h5 51. Nef5 a4 52. Ng7 h4 53. fxg5
fxg5 54. gxh4 gxh4 55. Nde6+ Kb4 56. bxa4 Bxa4 57. Nf5 Bd7 58. Ned4 h3 59. Ne7
Kc4 60. Ne2 Kd3 61. Nf4+ Kxe3 62. Nexd5+ Kf3 1/2-1/2

[Event "X Weekend A"]
[Site "Ceriano Laghetto ITA"]
[Date "2001.01.28"]
[Round "3"]
[White "Cazzaniga, Walter"]
[Black "Qendro, Llambi"]
[Result "0-1"]
[WhiteElo "2174"]
[BlackElo "2347"]
[PlyCount "94"]
[EventDate "2001.01.27"]

1. d4 g6 2. Nf3 Bg7 3. c4 d6 4. Nc3 Bg4 5. h3 Bxf3 6. exf3 c6 7. Be3 Nf6 8. Qd2
O-O 9. O-O-O Nbd7 10. f4 d5 11. cxd5 cxd5 12. f3 Rc8 13. Kb1 Nb6 14. g4 Nc4 15.
Bxc4 dxc4 16. d5 Qa5 17. Bd4 b5 18. Bxf6 Bxf6 19. Ne4 Qxd2 20. Nxf6+ exf6 21.
Rxd2 Rfe8 22. d6 Re3 23. Rhd1 Rd8 24. Rd5 a6 25. Rc5 Rxf3 26. a4 Rxh3 27. a5
Rd3 28. Rxd3 cxd3 29. Rd5 h5 30. gxh5 gxh5 31. Ka2 h4 32. Kb3 h3 33. Rxd3 h2
34. Rh3 Rxd6 35. Rxh2 Rd4 36. Rc2 Ra4 37. Rc6 Rxa5 38. Rxf6 Ra4 39. f5 a5 40.
Rb6 Rb4+ 41. Kc3 Rc4+ 42. Kd3 Rc5 43. Ke4 Kg7 44. Kf4 b4 45. Kg5 Rc2 46. f6+
Kh7 47. Rb7 Rc5+ 0-1

[Event "X Weekend A"]
[Site "Ceriano Laghetto ITA"]
[Date "2001.01.28"]
[Round "3"]
[White "Chilingirova, Pavlina"]
[Black "Barlocco, Carlo"]
[Result "1-0"]
[WhiteElo "2236"]
[BlackElo "2159"]
[PlyCount "73"]
[EventDate "2001.01.27"]

1. c4 c6 2. Nf3 d5 3. Qb3 Nf6 4. d3 Nbd7 5. g3 Nc5 6. Qc2 Bg4 7. Bg2 e6 8. O-O
Be7 9. Nbd2 O-O 10. h3 Bh5 11. g4 Bg6 12. Ne5 Ncd7 13. Nxg6 hxg6 14. b3 Re8 15.
Bb2 Bf8 16. d4 Rc8 17. e4 e5 18. dxe5 Nxe5 19. Rad1 dxe4 20. Nxe4 Qc7 21. Nxf6+
gxf6 22. f4 Nd7 23. Kh1 Bg7 24. Qf2 Nf8 25. f5 g5 26. h4 gxh4 27. Qxh4 Nh7 28.
Bc1 Re2 29. Rd3 Qe7 30. Rh3 Ng5 31. Bxg5 fxg5 32. Qh7+ Kf8 33. f6 Bxf6 34. Rff3
Qe4 35. Qxe4 Rxe4 36. Rxf6 Rc7 37. Bxe4 1-0

[Event "X Weekend A"]
[Site "Ceriano Laghetto ITA"]
[Date "2001.01.28"]
[Round "3"]
[White "Rosin, Federico"]
[Black "Barberi, Alessandro"]
[Result "1/2-1/2"]
[WhiteElo "2163"]
[BlackElo "2098"]
[PlyCount "80"]
[EventDate "2001.01.27"]

1. e4 c5 2. Nf3 g6 3. d4 Bg7 4. c3 b6 5. Be3 d6 6. Bb5+ Bd7 7. a4 Nf6 8. Nbd2
a6 9. Bxd7+ Nfxd7 10. O-O O-O 11. Qe2 Qc7 12. Rfc1 Nc6 13. d5 Nd8 14. b4 e5 15.
Nc4 f5 16. Bg5 Nf6 17. Bxf6 Bxf6 18. b5 a5 19. Qd3 f4 20. Kf1 Rb8 21. Ke2 g5
22. h3 h5 23. Rh1 Qe7 24. h4 g4 25. Ng5 Bxg5 26. hxg5 Qxg5 27. f3 Rf6 28. Rh2
g3 29. Rh3 h4 30. Rah1 Rh6 31. Nxd6 Rxd6 32. Rxh4 Kf7 33. Rh5 Qg7 34. Rh7 Kg6
35. Rxg7+ Kxg7 36. Qb1 Nf7 37. Rh5 Rh8 38. Rxh8 Kxh8 39. c4 Kg7 40. Qa1 Kh7
1/2-1/2

[Event "X Weekend A"]
[Site "Ceriano Laghetto ITA"]
[Date "2001.01.28"]
[Round "3"]
[White "Rossi, Giampiero"]
[Black "Provera, Emanuele"]
[Result "1-0"]
[WhiteElo "2174"]
[BlackElo "2218"]
[PlyCount "140"]
[EventDate "2001.01.27"]

1. d4 Nf6 2. c4 e6 3. Nc3 Bb4 4. Qc2 d5 5. cxd5 exd5 6. Bg5 c6 7. a3 Bxc3+ 8.
Qxc3 h6 9. Bxf6 Qxf6 10. e3 Bf5 11. Nf3 Nd7 12. Rc1 O-O 13. Be2 Rfe8 14. O-O
Qd6 15. b4 a6 16. Rfe1 Bg4 17. h3 Bh5 18. Ne5 Bxe2 19. Nxd7 Qxd7 20. Rxe2 Re6
21. Qd3 Rae8 22. a4 Rg6 23. b5 cxb5 24. axb5 Rb6 25. bxa6 bxa6 26. Rec2 Ra8 27.
Rc7 Qe6 28. Qc2 a5 29. Rc8+ Rxc8 30. Qxc8+ Kh7 31. Qc5 a4 32. Qc2+ Qe4 33. Qxa4
Rg6 34. g4 Qf3 35. Rc6 f6 36. Qc2 Qxh3 37. Qf5 Qxg4+ 38. Qxg4 Rxg4+ 39. Kh2 Kg6
40. Rc5 Rg5 41. f4 Rf5 42. Kg3 Rh5 43. Kg4 Rh1 44. Rxd5 h5+ 45. Kg3 Re1 46. Kf2
Rd1 47. Rd8 Kf5 48. Kf3 Rf1+ 49. Kg2 Rd1 50. Kf3 Rd3 51. Rh8 g6 52. Rh7 Rb3 53.
Rh8 Ke6 54. Rh7 Rb8 55. Rg7 Rh8 56. Rxg6 h4 57. Rg2 f5 58. e4 fxe4+ 59. Kxe4 h3
60. Rh2 Rh5 61. Kf3 Rd5 62. Rxh3 Rxd4 63. Kg4 Kf6 64. Rh6+ Kg7 65. Ra6 Rb4 66.
Kg5 Rb1 67. Ra7+ Kf8 68. f5 Rb2 69. Kg6 Rb6+ 70. f6 Ke8 1-0

[Event "X Weekend A"]
[Site "Ceriano Laghetto ITA"]
[Date "2001.01.28"]
[Round "3"]
[White "Tramalloni, Luca"]
[Black "Manzoni, Alessandro"]
[Result "1-0"]
[WhiteElo "2064"]
[BlackElo "2091"]
[PlyCount "45"]
[EventDate "2001.01.27"]

1. d4 d5 2. c4 c6 3. Nf3 Nf6 4. Nc3 e6 5. Bg5 Be7 6. e3 Nbd7 7. Bd3 dxc4 8.
Bxc4 b5 9. Bd3 Bb7 10. O-O a6 11. Rc1 Rc8 12. Re1 O-O 13. e4 h6 14. Bh4 c5 15.
e5 Nd5 16. Bxe7 Nxe7 17. Be4 Bxe4 18. Nxe4 cxd4 19. Qxd4 Nc6 20. Qd6 Ndxe5 21.
Nxe5 Qxd6 22. Nxd6 Nxe5 23. Rxc8 1-0

[Event "X Weekend A"]
[Site "Ceriano Laghetto ITA"]
[Date "2001.01.28"]
[Round "3"]
[White "Zacco, Remo"]
[Black "Miatello, Alberto"]
[Result "1-0"]
[WhiteElo "1806"]
[BlackElo "1869"]
[PlyCount "70"]
[EventDate "2001.01.27"]

1. e4 c5 2. Nf3 e6 3. d4 cxd4 4. Nxd4 Nc6 5. Be3 Nf6 6. Bd3 d5 7. Nxc6 bxc6 8.
Nd2 e5 9. c3 Ng4 10. exd5 Nxe3 11. fxe3 Qh4+ 12. g3 Qg5 13. Qf3 Bg4 14. Qe4 Bc5
15. dxc6 Qxe3+ 16. Qxe3 Bxe3 17. Nc4 Bc5 18. Nxe5 Bh3 19. O-O-O O-O 20. Rhe1
Rfe8 21. Bc4 Be6 22. b4 Bf2 23. Rf1 Be3+ 24. Kb2 f6 25. Bxe6+ Rxe6 26. Nc4 Rc8
27. b5 Bc5 28. Kb3 Re2 29. Rd2 Rxd2 30. Nxd2 a6 31. a4 axb5 32. axb5 Kf7 33.
Ne4 Be7 34. Rd1 Rd8 35. c7 Rc8 1-0

[Event "X Weekend A"]
[Site "Ceriano Laghetto ITA"]
[Date "2001.02.03"]
[Round "4"]
[White "Barberi, Alessandro"]
[Black "Tramalloni, Luca"]
[Result "0-1"]
[WhiteElo "2098"]
[BlackElo "2064"]
[PlyCount "98"]
[EventDate "2001.01.27"]

1. d4 Nf6 2. c4 e6 3. Nd2 d5 4. e3 Nbd7 5. Ngf3 Bd6 6. b3 b6 7. Bd3 Bb7 8. Qc2
O-O 9. O-O h6 10. Bb2 Rc8 11. Ne5 c5 12. Nxd7 Nxd7 13. dxc5 bxc5 14. cxd5 exd5
15. Bf5 Rc6 16. Nf3 Re8 17. Rfd1 Ne5 18. Ne1 Bb8 19. f4 Ng6 20. Qc3 d4 21. exd4
cxd4 22. Qxd4 Qxd4+ 23. Bxd4 Bxf4 24. Bd7 Rxe1+ 25. Rxe1 Rd6 26. Bxa7 Rxd7 27.
g3 Rd2 28. Bf2 Be5 29. Rad1 Rxa2 30. Rd8+ Kh7 31. Rd7 Bc6 32. Rxf7 Rb2 33. h4
Bxg3 34. Bxg3 Rg2+ 35. Kf1 Rxg3 36. h5 Nh4 37. Kf2 Rxb3 38. Ree7 Rf3+ 39. Rxf3
Nxf3 40. Rc7 Be4 41. Kg3 Ng5 42. Kh4 Kg8 43. Rb7 Kf8 44. Rc7 Nh7 45. Rc4 Nf6
46. Rc8+ Kf7 47. Rc7+ Kg8 48. Rc8+ Kh7 49. Rc3 Bd5 0-1

[Event "X Weekend A"]
[Site "Ceriano Laghetto ITA"]
[Date "2001.02.03"]
[Round "4"]
[White "Barlocco, Carlo"]
[Black "Candura, Stefano"]
[Result "0-1"]
[WhiteElo "2159"]
[BlackElo "2093"]
[PlyCount "72"]
[EventDate "2001.01.27"]

1. d4 e6 2. Nc3 d5 3. e4 Bb4 4. a3 Bxc3+ 5. bxc3 dxe4 6. f3 exf3 7. Nxf3 c5 8.
Bd3 Nc6 9. O-O Nf6 10. Bg5 cxd4 11. Qe1 dxc3 12. Qxc3 O-O 13. Kh1 h6 14. Bh4
Nd5 15. Qd2 Qa5 16. Qe2 Nf4 17. Qe4 Nxd3 18. cxd3 Qd5 19. Qe3 b6 20. d4 Bb7 21.
Rf2 Rac8 22. Raf1 Ba6 23. Rc1 Na5 24. Rxc8 Rxc8 25. Ne5 Qxd4 26. Rf3 Qxe3 27.
Rxe3 Rc1+ 28. Be1 f6 29. Nf3 e5 30. Kg1 Nc4 31. Rd3 e4 32. Rd8+ Kh7 33. Nh4
Rxe1+ 34. Kf2 Ra1 35. Rd7 e3+ 36. Kf3 Ne5+ 0-1

[Event "X Weekend A"]
[Site "Ceriano Laghetto ITA"]
[Date "2001.02.03"]
[Round "4"]
[White "Bisignano, Giuseppe"]
[Black "Lapiccirella, Mattia"]
[Result "1-0"]
[WhiteElo "1827"]
[BlackElo "2150"]
[PlyCount "63"]
[EventDate "2001.01.27"]

1. e4 c5 2. Nf3 Nc6 3. Nc3 d6 4. d4 cxd4 5. Nxd4 Nf6 6. Bb5 Bd7 7. O-O e6 8.
Kh1 Qc7 9. f4 Be7 10. Be3 O-O 11. Qe2 Rfd8 12. f5 Nxd4 13. Bxd4 e5 14. Be3 Bc6
15. Bf2 d5 16. Bxc6 bxc6 17. exd5 cxd5 18. Bg3 Bd6 19. Nb5 Qc6 20. Nxd6 Rxd6
21. Qxe5 Ne4 22. c3 Qb6 23. Rae1 Rdd8 24. Bh4 f6 25. Qe7 Qxb2 26. Rb1 Qe2 27.
Rfe1 Qg4 28. Rb7 Re8 29. Qf7+ Kh8 30. h3 Nd6 31. Rxe8+ Rxe8 32. Qxe8+ 1-0

[Event "X Weekend A"]
[Site "Ceriano Laghetto ITA"]
[Date "2001.02.03"]
[Round "4"]
[White "Lapiccirella, Daniele"]
[Black "Zacco, Remo"]
[Result "0-1"]
[WhiteElo "2072"]
[BlackElo "1806"]
[PlyCount "68"]
[EventDate "2001.01.27"]

1. d4 f5 2. Nf3 Nf6 3. g3 g6 4. Bg2 Bg7 5. O-O d6 6. c4 O-O 7. d5 c6 8. Nc3 Qc7
9. e4 e5 10. dxc6 bxc6 11. c5 dxc5 12. Qb3+ Kh8 13. exf5 Bxf5 14. Be3 Qe7 15.
Qa3 Nbd7 16. Na4 Nd5 17. Bg5 N5f6 18. Rac1 h6 19. Bd2 Ne4 20. Be3 Rfc8 21. Nh4
Bf8 22. Nxf5 gxf5 23. Bxe4 fxe4 24. Rc4 Qh7 25. Nxc5 Nf6 26. Qc3 Re8 27. Qc2
Rab8 28. b3 Red8 29. Nxe4 Nxe4 30. Rxe4 Rd5 31. Rc4 c5 32. Rc1 Qf7 33. Bxc5
Rbd8 34. Be3 Qf3 0-1

[Event "X Weekend A"]
[Site "Ceriano Laghetto ITA"]
[Date "2001.02.03"]
[Round "4"]
[White "Manzoni, Alessandro"]
[Black "Bianchi, Alberto"]
[Result "0-1"]
[WhiteElo "2091"]
[BlackElo "2046"]
[PlyCount "97"]
[EventDate "2001.01.27"]

1. e4 e5 2. Nf3 Nc6 3. Bb5 a6 4. Ba4 Nf6 5. d3 b5 6. Bb3 Be7 7. Bd5 Nxd5 8.
exd5 Nb4 9. Nxe5 O-O 10. c4 d6 11. Nc6 Nxc6 12. dxc6 bxc4 13. dxc4 Be6 14. Qc2
Bf6 15. O-O Qe8 16. Qa4 Qe7 17. Re1 Rfb8 18. Nc3 Bxc3 19. bxc3 Qh4 20. Qa5 Rb6
21. c5 Rxc6 22. cxd6 cxd6 23. Ba3 Rac8 24. Bb4 d5 25. Rad1 Qg5 26. Re3 Qf5 27.
Rde1 Qf4 28. a3 Qc7 29. Qxd5 Rd8 30. Qh5 Qd7 31. Ba5 Rb8 32. Qe2 Rb5 33. Rd3
Rd6 34. Rxd6 Qxd6 35. Bb4 Qc6 36. a4 Rd5 37. a5 h6 38. Qe4 Qa4 39. Qe2 Qc6 40.
h4 h5 41. Qe3 Rf5 42. Qe4 Qb5 43. Rd1 Rd5 44. Re1 Qa4 45. Qe2 Qc6 46. Qe3 Rf5
47. Ra1 Rf6 48. Qb6 Qd5 49. Qd6 0-1

[Event "X Weekend A"]
[Site "Ceriano Laghetto ITA"]
[Date "2001.02.03"]
[Round "4"]
[White "Miatello, Alberto"]
[Black "Provera, Emanuele"]
[Result "0-1"]
[WhiteElo "1869"]
[BlackElo "2218"]
[PlyCount "80"]
[EventDate "2001.01.27"]

1. e4 c6 2. d4 d5 3. e5 Bf5 4. Nf3 e6 5. Be2 c5 6. O-O Nc6 7. Be3 Qb6 8. b3 f6
9. exf6 Nxf6 10. Nc3 Qa5 11. Na4 c4 12. Nh4 Bd6 13. Nxf5 exf5 14. Nc5 Qc7 15.
bxc4 Bxc5 16. dxc5 O-O-O 17. cxd5 Rxd5 18. Bd3 f4 19. Bd2 Rxc5 20. Qf3 g5 21.
Rfe1 Nd4 22. Qh3+ Kb8 23. c3 Nc6 24. Re6 Qf7 25. Rae1 Rd8 26. c4 Qd7 27. Rxf6
Qxh3 28. gxh3 Rxd3 29. Re8+ Kc7 30. Rf7+ Kb6 31. Be1 Rxh3 32. Kg2 Rd3 33. f3
Rxc4 34. Ra8 Rc2+ 35. Kh3 Rxf3+ 36. Kg4 Rf1 37. Kxg5 Rg2+ 38. Kf6 f3 39. Bg3
Rb1 40. Bc7+ Ka6 0-1

[Event "X Weekend A"]
[Site "Ceriano Laghetto ITA"]
[Date "2001.02.03"]
[Round "4"]
[White "Qendro, Llambi"]
[Black "Chilingirova, Pavlina"]
[Result "1-0"]
[WhiteElo "2347"]
[BlackElo "2236"]
[PlyCount "119"]
[EventDate "2001.01.27"]

1. d4 d6 2. g3 g6 3. Bg2 e5 4. dxe5 dxe5 5. Qxd8+ Kxd8 6. Nh3 f6 7. O-O c6 8.
Nd2 h5 9. f3 Na6 10. Nb3 Nb4 11. c3 Nd5 12. e4 Nb6 13. f4 Nc4 14. fxe5 Nxe5 15.
Bf4 Bd6 16. Rad1 Ke7 17. Rd2 Nh6 18. Bxe5 Bxe5 19. Nf4 Rg8 20. h3 Nf7 21. Nc5
b6 22. Ncd3 Ba6 23. Rfd1 Rad8 24. Nb4 Rxd2 25. Rxd2 Bb7 26. h4 Nd6 27. Nbd3 Nc4
28. Re2 Bb8 29. Bh3 Ne5 30. Nxe5 Bxe5 31. Rd2 Bd6 32. Kf2 Ba6 33. b3 g5 34.
Nxh5 g4 35. Bf1 Bc8 36. Bc4 Rg6 37. Be2 Be5 38. c4 Bc3 39. Rd3 Bb4 40. Nf4 Rg8
41. Rd1 Bc5+ 42. Kg2 Bd6 43. Nd3 Be6 44. Rc1 Rd8 45. Nf2 Rg8 46. h5 f5 47. exf5
Bxf5 48. Bd3 Bxd3 49. Nxd3 Kf6 50. Nf2 Re8 51. Nxg4+ Kg5 52. Nf2 Kxh5 53. Rd1
Bc5 54. Nd3 Re2+ 55. Kf3 Rxa2 56. Nxc5 bxc5 57. Rd6 Rb2 58. Rxc6 Rxb3+ 59. Kf4
Rb1 60. g4+ 1-0

[Event "X Weekend A"]
[Site "Ceriano Laghetto ITA"]
[Date "2001.02.03"]
[Round "4"]
[White "Rossi, Giampiero"]
[Black "Rosin, Federico"]
[Result "0-1"]
[WhiteElo "2174"]
[BlackElo "2163"]
[PlyCount "59"]
[EventDate "2001.01.27"]

1. d4 d5 2. c4 Nc6 3. Nc3 dxc4 4. d5 Ne5 5. f4 Ng6 6. Qa4+ Bd7 7. Qxc4 Nf6 8.
e4 e5 9. dxe6 fxe6 10. Nf3 Qe7 11. e5 Ng4 12. Bd2 O-O-O 13. Be2 Qc5 14. Nd4
Qxc4 15. Bxc4 Nh4 16. Nxe6 Re8 17. Nxf8 Rhxf8 18. O-O Bc6 19. h3 Rd8 20. Rad1
Rxd2 21. Rxd2 Ne3 22. Be6+ Kb8 23. Rff2 Nhxg2 24. Nd5 Bxd5 25. Bxd5 Nxf4 26.
Bg2 Nexg2 27. Rxg2 Nxg2 28. Kxg2 Rg8 29. Kg3 Rf8 30. Re2 0-1

[Event "X Weekend A"]
[Site "Ceriano Laghetto ITA"]
[Date "2001.02.04"]
[Round "5"]
[White "Bianchi, Alberto"]
[Black "Rossi, Giampiero"]
[Result "0-1"]
[WhiteElo "2046"]
[BlackElo "2174"]
[PlyCount "92"]
[EventDate "2001.01.27"]

1. e4 c5 2. Nc3 e6 3. g3 Nc6 4. Bg2 g6 5. d3 Bg7 6. Nge2 Nge7 7. Be3 d6 8. Qd2
O-O 9. O-O Rb8 10. Bh6 b5 11. Bxg7 Kxg7 12. Nd1 b4 13. Ne3 e5 14. f4 f6 15. Rf2
Bd7 16. Raf1 Qc7 17. f5 g5 18. h4 h6 19. Ng4 Nd4 20. Nc1 a5 21. c3 Ndc6 22. Bf3
Ng8 23. Nxh6 Nxh6 24. hxg5 Nf7 25. gxf6+ Kxf6 26. g4 Ng5 27. Rh2 Rh8 28. Ne2
Rxh2 29. Kxh2 Rh8+ 30. Kg2 Qd8 31. d4 Qe7 32. Rd1 Rh2+ 33. Kg3 Rh3+ 34. Kg2
Rxf3 35. dxc5 Rf2+ 36. Kxf2 Nxe4+ 37. Kg2 Nxd2 38. Rxd2 dxc5 39. Ng3 e4 40. Re2
Nd8 41. Nxe4+ Kf7 42. Ng3 Qh4 43. Kf3 Bc6+ 44. Kf4 Qh6+ 45. Ke5 Qf6+ 46. Kf4
Qd6+ 0-1

[Event "X Weekend A"]
[Site "Ceriano Laghetto ITA"]
[Date "2001.02.04"]
[Round "5"]
[White "Cazzaniga, Walter"]
[Black "Lapiccirella, Daniele"]
[Result "1/2-1/2"]
[WhiteElo "2174"]
[BlackElo "2072"]
[PlyCount "70"]
[EventDate "2001.01.27"]

1. d4 d5 2. c4 c6 3. Nf3 Nf6 4. Nc3 e6 5. Bg5 Nbd7 6. cxd5 cxd5 7. e3 Bd6 8.
Bd3 O-O 9. O-O a6 10. Rc1 b5 11. a3 Bb7 12. e4 dxe4 13. Nxe4 Be7 14. Nc5 Bd5
15. Ne5 Nxe5 16. dxe5 Nd7 17. Bxe7 Qxe7 18. b4 g6 19. f4 Nb6 20. Qe2 Nc4 21.
Ne4 Bxe4 22. Bxc4 Qa7+ 23. Kh1 Qb7 24. Rfe1 Bc6 25. Bb3 Rfd8 26. Rc3 Bd5 27. f5
exf5 28. e6 fxe6 29. Bxd5 Qxd5 30. Rc5 Qd7 31. Re5 Re8 32. h3 Rad8 33. Rxe6
Rxe6 34. Qxe6+ Qxe6 35. Rxe6 Ra8 1/2-1/2

[Event "X Weekend A"]
[Site "Ceriano Laghetto ITA"]
[Date "2001.02.04"]
[Round "5"]
[White "Lapiccirella, Mattia"]
[Black "Barberi, Alessandro"]
[Result "0-1"]
[WhiteElo "2150"]
[BlackElo "2098"]
[PlyCount "62"]
[EventDate "2001.01.27"]

1. d4 g6 2. Nf3 Bg7 3. c4 d6 4. Nc3 Bg4 5. e3 Nc6 6. Be2 e5 7. d5 Nce7 8. Qb3
b6 9. Bd2 Nf6 10. h3 Bxf3 11. Bxf3 Nd7 12. Qc2 f5 13. a4 e4 14. Be2 a5 15. Nb5
Nc5 16. Bc3 Bxc3+ 17. Qxc3 O-O 18. Nd4 Qd7 19. b3 Rae8 20. g3 g5 21. O-O-O Ng6
22. Bh5 Qg7 23. Rd2 Qf6 24. Kc2 Re7 25. Bxg6 Qxg6 26. g4 f4 27. Nf5 Ref7 28. h4
gxh4 29. Rxh4 Rxf5 30. gxf5 Rxf5 31. exf4 e3 0-1

[Event "X Weekend A"]
[Site "Ceriano Laghetto ITA"]
[Date "2001.02.04"]
[Round "5"]
[White "Provera, Emanuele"]
[Black "Barlocco, Carlo"]
[Result "1-0"]
[WhiteElo "2218"]
[BlackElo "2159"]
[PlyCount "137"]
[EventDate "2001.01.27"]

1. d4 d5 2. c4 c6 3. Nc3 e6 4. cxd5 cxd5 5. Bf4 Nf6 6. e3 Nc6 7. Nf3 Be7 8. Bd3
Nh5 9. Bg3 O-O 10. Rc1 Bd7 11. Ne5 g6 12. O-O Nxg3 13. hxg3 Nxe5 14. dxe5 Rc8
15. Qb3 b6 16. Ba6 Rc5 17. Bb5 Qc7 18. Bxd7 Qxd7 19. Qa4 b5 20. Qd4 Rc4 21. Qd3
Rfc8 22. b3 R4c5 23. Ne2 a6 24. f4 Qd8 25. Rxc5 Rxc5 26. Qd2 Qb6 27. Rc1 a5 28.
Kf2 Kg7 29. Qd4 Qc6 30. Qd2 Rxc1 31. Qxc1 Qxc1 32. Nxc1 f6 33. exf6+ Kxf6 34.
Ne2 a4 35. Nd4 axb3 36. axb3 b4 37. g4 Bc5 38. g5+ Ke7 39. Nf3 Bd6 40. Ke2 Kd7
41. Kd3 Bf8 42. Ne5+ Kd6 43. Nf7+ Ke7 44. Ne5 Kd6 45. e4 Bg7 46. Ng4 Kc5 47. e5
Kc6 48. Ne3 h6 49. gxh6 Bxh6 50. g3 Bf8 51. Ng2 Be7 52. g4 Bd8 53. g5 Kd7 54.
Nh4 Ke7 55. Nxg6+ Kf7 56. Nh4 Kg7 57. Ke3 Bb6+ 58. Kf3 Bd4 59. Kg4 Bc3 60. Kh5
Kh7 61. Ng2 Kg7 62. Kg4 Bd4 63. Ne1 Kg6 64. Nd3 Bc3 65. Nc5 Kf7 66. Kh5 d4 67.
Kh6 Kg8 68. Kg6 Bd2 69. Nd3 1-0

[Event "X Weekend A"]
[Site "Ceriano Laghetto ITA"]
[Date "2001.02.04"]
[Round "5"]
[White "Rosin, Federico"]
[Black "Bisignano, Giuseppe"]
[Result "0-1"]
[WhiteElo "2163"]
[BlackElo "1827"]
[PlyCount "81"]
[EventDate "2001.01.27"]

1. e4 e5 2. Nf3 Nc6 3. d4 exd4 4. Nxd4 Bc5 5. Nxc6 bxc6 6. Bd3 d6 7. O-O h6 8.
Nc3 Nf6 9. Na4 Bb6 10. Nxb6 axb6 11. b3 O-O 12. Bb2 Re8 13. Qf3 Ng4 14. Qg3 Qe7
15. h3 Nf6 16. f4 Bd7 17. Rae1 Nh5 18. Qf3 Qh4 19. Kh2 Rxa2 20. Bc3 Nf6 21. Kg1
Qh5 22. g4 Qc5+ 23. Re3 Qxc3 24. e5 Qc5 25. b4 Qxb4 26. exf6 Qc5 27. Rfe1 Ra1
28. Rxa1 Rxe3 29. Qf2 gxf6 30. Ra8+ Kg7 31. Kg2 Qd5+ 32. Kh2 Rf3 33. Qd2 h5 34.
Rd8 hxg4 35. hxg4 Bxg4 36. Qg2 Rh3+ 37. Kg1 Qd4+ 38. Kf1 Qxf4+ 39. Ke1 Qc1+ 40.
Kf2 Qe3+ 41. Kf1 0-1